000
00300nam a22001217a 4500
008
160524b xxu||||| |||| 00| 0 eng d
020
_a
9780815123880
020
_a
0815123884
041
_a
eng
080
_a
618.2
245
_a
Comprehensive review of practical nursing:
_c
Free Disk;
942
_2
udc
_c
BK
999
_c
2424
_d
2424